书目信息 |
| 题名: |
王石内部讲话
|
|
| 作者: | 毕传福 著 | |
| 分册: | ||
| 出版信息: | 北京 新世界出版社 2013 |
|
| 页数: | 213页 | |
| 开本: | 24cm | |
| 丛书名: | ||
| 单 册: | ||
| 中图分类: | F299.233.3 | |
| 科图分类: | ||
| 主题词: | 房地产企业--企业管理--经验--中国 , 房地产企业 , 企业管理 | |
| 电子资源: | ||
| ISBN: | 978-7-5104-4470-8 | |
| 000 | 01021nam0 2200265 450 | |
| 001 | 523 | |
| 005 | 20140909093713.84 | |
| 010 | @a978-7-5104-4470-8@dCNY39.80 | |
| 100 | @a20131225d2013 em y0chiy50 ea | |
| 101 | 0 | @achi |
| 102 | @aCN@b110000 | |
| 105 | @ay z 000yy | |
| 106 | @ar | |
| 200 | 1 | @a王石内部讲话@AWang Shi Nei Bu Jiang Hua@e关键时,王石说了什么@EGuan Jian Shi, Wang Shi Shuo Liao Shi Me@f毕传福著@FBi Chuan Fu Zhu |
| 210 | @a北京@c新世界出版社@d2013 | |
| 215 | @a213页@d24cm | |
| 330 | @a本书从王石言论、背景分析、拓展透析三个方面展开论述,把原汁原味的王石管理秘籍呈现给企业管理者,同时,在拓展透析部分结合当下最新、最典型的案例去启迪企业管理者,并具体告诉他们应该如何去做。 | |
| 517 | 1 | @a关键时,王石说了什么@AGuan Jian Shi, Wang Shi Shuo Liao Shi Me |
| 606 | 0 | @a房地产企业@x企业管理@x经验@y中国 |
| 606 | 0 | @a房地产企业 |
| 606 | 0 | @a企业管理 |
| 690 | @aF299.233.3@v5 | |
| 701 | 0 | @a毕传福@ABi Chuan Fu@4著 |
| 801 | 0 | @aCN@bTANGWEI@c20140603 |
| 905 | @b0837727-29@dF299.233.3@e1183@f3 | |
| 王石内部讲话:关键时,王石说了什么/毕传福著.-北京:新世界出版社,2013 |
| 213页;24cm |
| ISBN 978-7-5104-4470-8:CNY39.80 |
| 本书从王石言论、背景分析、拓展透析三个方面展开论述,把原汁原味的王石管理秘籍呈现给企业管理者,同时,在拓展透析部分结合当下最新、最典型的案例去启迪企业管理者,并具体告诉他们应该如何去做。 |
| ● |
| 相关链接 |
|
|
|
|
正题名:王石内部讲话
索取号:F299.233.3/1183
 
预约/预借
| 序号 | 登录号 | 条形码 | 馆藏地/架位号 | 状态 | 备注 |
| 1 | 0837727 | 208377273 | 第一样本阅览室/ [索取号:F299.233.3/1183] | 在馆 | |
| 2 | 0837728 | 208377282 | 第一借阅区/ [索取号:F299.233.3/1183] | 在馆 | |
| 3 | 0837729 | 208377291 | 第一借阅区/ [索取号:F299.233.3/1183] | 在馆 |